| Tag |
First Indicator |
Second Indicator |
Subfields |
| LEADER |
00000cam a2200000 a 4500 |
| 001 |
in00002492016 |
| 005 |
20151110061602.0 |
| 008 |
080409s2008 paua b s001 0 eng |
| 010 |
|
|
|a 2008016408
|
| 020 |
|
|
|a 9780271033846 (cloth : alk. paper)
|
| 020 |
|
|
|a 0271033843 (cloth : alk. paper)
|
| 035 |
|
|
|a (OCoLC)ocn223107518
|
| 040 |
|
|
|a DLC
|c DLC
|d UtOrBLW
|
| 043 |
|
|
|a n-mx---
|
| 049 |
|
|
|a TXAM
|
| 050 |
0 |
0 |
|a HN120.G8
|b S48 2008
|
| 082 |
0 |
0 |
|a 320.972/35
|2 22
|
| 100 |
1 |
|
|a Shefner, Jon,
|d 1958-
|
| 245 |
1 |
4 |
|a The illusion of civil society :
|b democratization and community mobilization in low-income Mexico /
|c Jon Shefner.
|
| 264 |
|
1 |
|a University Park :
|b Pennsylvania State University Press,
|c [2008]
|
| 264 |
|
4 |
|c ©2008
|
| 300 |
|
|
|a xiv, 224 pages :
|b illustrations ;
|c 24 cm.
|
| 336 |
|
|
|a text
|b txt
|2 rdacontent
|
| 337 |
|
|
|a unmediated
|b n
|2 rdamedia
|
| 338 |
|
|
|a volume
|b nc
|2 rdacarrier
|
| 504 |
|
|
|a Includes bibliographical references (pages [209]-218) and index.
|
| 505 |
0 |
|
|a In the streets with Mexico's democracy movement -- From global economy to local politics -- Cerro del Cuatro and the origins of the UCI -- Mobilizing for basic needs -- Electoral strategy and the diminution of popular support -- From crisis to survival -- Democratization and changing politics -- Democratization, civil society, and class conflict.
|
| 520 |
|
|
|a Addresses the success and failures of the Unión de Colonos Independientes (UCI), a community organization in Guadalajara, Mexico. Critiques the civil society concept and questions the strategy of political democratization as a way to assert control over the global economy.
|
| 610 |
2 |
0 |
|a Unión de Colonos Independientes (Guadalajara, Mexico)
|
| 650 |
|
0 |
|a Community organization
|z Mexico
|z Guadalajara.
|
| 650 |
|
0 |
|a Civil society
|z Mexico
|z Guadalajara.
|
| 650 |
|
0 |
|a Democratization
|z Mexico
|z Guadalajara.
|
| 945 |
|
|
|a PromptCat
|b 613496
|
| 946 |
|
|
|a stk
|
| 947 |
|
|
|a A14837443236
|
| 948 |
|
|
|a cataloged
|b h
|c 2009/2/5
|d c
|e dmitchel
|f 11:30:20 am
|
| 994 |
|
|
|a 92
|b TXA
|
| 999 |
|
|
|a MARS
|
| 999 |
f |
f |
|s 48ac34f3-253c-3c95-a228-601a01d98708
|i a697652c-df56-36aa-ab8a-e5b6effdb609
|t 0
|
| 952 |
f |
f |
|p normal
|a Texas A&M University
|b College Station
|c Sterling C. Evans Library
|d Evans: Library Stacks
|t 0
|e HN120.G8 S48 2008
|h Library of Congress classification
|i unmediated -- volume
|m A14837443236
|
| 998 |
f |
f |
|a HN120.G8 S48 2008
|t 0
|l Evans: Library Stacks
|